Statistics for Top 20 West Bromwich Albion Goalscorers in the Premier League

Click here to take the quiz!

General Stats

  • This quiz has been taken 20 times
  • The average score is 10 of 24

Answer Stats

NPlayersNationalityGoals% Correct
1Peter OdemwingieNigerian30
87%
3Salomón RondonVenezuelan24
87%
6Romelu LukakuBelgian17
80%
8Zoltan GeraHungarian12
73%
18Hal Robson-KanuWelsh7
67%
2Chris BruntNorthern Ireland25
60%
18Nwankwo KanuNigerian7
60%
5Shane LongIrish19
60%
12Mathues PereiraBrazilian11
53%
14Jonas OlssonSwedish8
47%
7Gareth McAuleyNorthern Irish15
40%
2James MorrisonEnglish29
40%
18Jay RodriguezEnglish7
40%
8Youssef MulumbuCongolese12
40%
8Craig DawsonEnglish12
33%
14Matt PhillipsEnglish8
33%
14Stéphane SességnonBenin8
33%
8Robert EarnshawWelsh12
27%
14Graeme DorransEnglish8
20%
13Marc Antoine FortunéFrench Guianan10
13%
18Paul ScharnerAustrian7
13%
18Somen TchoyiCameroonian7
13%
4Saido BerahinhoBurundi23
7%
18Geoff HorsfieldEnglish7
0%

Score Distribution

Percentile by Number Answered

Percent of People with Each Score

Your Score History

You have not taken this quiz